Quizzes
Events
Quiz Creation
Community
Videos
Private Events
Remove Ads
Sign In
Join for FREE
Feedback
Dark Mode
Quiz Categories
Sports
Geography
Music
Movies
Television
Just For Fun
Miscellaneous
History
Literature
Language
Science
Gaming
Entertainment
Religion
Holiday
For Kids
Quiz Lab
Recent
Popular Today
Quiz Kudos Today
Editor Picks
Curator Picks
Quizzes by...
Day
Popularity
Type
Ratings
Length
Year
Community
Subscriptions
Recent Discussions
Orange Saloon
Badges
Playlists
Quests
Create
Leaderboards
Showdown
Live 5
Trivia Bingo
Activity
Puzzle Library
Sporcle Events
Private Events
Virtual Trivia
Globe League
Become a Host
Pub Owners
SporcleCon
Opinionation
Our Games
Videos
Blog
Mobile Apps
Partnerships
Remove Ads and Go Orange
Feedback
Sports
Athletes
MLB
NBA
NHL
NFL
Soccer
Sports Teams
WWE
NCAA
Football
Premier League
Basketball
Baseball
Hockey
Golf
Tennis
Cricket
Rugby
Auto Racing
Olympics
World Cup
Sports
Athletes
MLB
NBA
NHL
NFL
Soccer
Sports Teams
WWE
NCAA
Football
Premier League
Basketball
Baseball
Hockey
Golf
Tennis
Cricket
Rugby
Auto Racing
Olympics
World Cup
Random Quiz
Search Sporcle
×
Quiz Lab
Quiz Lab
Sports
Football
Type in answers that appear in a list
Type in answers that appear in a list
Classic
Best Score? Go Orange.
Cities by football derbies Stats
Can you name the cities where these football derbies are competed?
By
STFC1886
5m
30 Questions
210 Plays
210 Plays
210 Plays
Comments
Comments
Give Quiz Kudos
Give Quiz Kudos
-
- Ratings
hide this ad
Replay
Link that replays current quiz
Next Quiz
Link to next quiz in quiz playlist
You Got
0%
They Got
Avg Score
81%
Avg Friend Score
Upgrade to see
Score Distribution
Jump to the score distribution portion of the page
Score
0/30
Timer
05:00
0
Plays Today
Clubs
City
% Correct
Bayern v 1860
Munich
99.5%
Real v Atlético
Madrid
99%
Spartak v CSKA
Moscow
97.6%
AC v Inter
Milan
97.6%
Benfica v Sporting
Lisbon
96.7%
Celtic v Rangers
Glasgow
95.7%
Hertha v Union
Berlin
94.8%
Partizan v Red Star
Belgrade
94.3%
AEK v Panathinaikos
Athens
94.3%
Forest v County
Nottingham
93.3%
Millwall v West Ham
London
92.9%
Austria v Rapid
Vienna
91.9%
Wednesday v United
Sheffield
90%
Sparta v Slavia
Prague
86.2%
Maccabi v Hapoel
Tel Aviv
85.2%
Clubs
City
% Correct
Feyenoord v Sparta
Rotterdam
83.8%
Boca v River
Buenos Aires
83.8%
Steaua v Dinamo
Bucharest
82.9%
Bohemian v Shamrock
Dublin
81.9%
CSKA v Levski
Sofia
80%
Hearts v Hibernian
Edinburgh
77.6%
Ferencváros v Újpest
Budapest
77.1%
América v UNAM
Mexico City
72.9%
Club v Cercle
Brugge
72.9%
Corinthians v Palmeiras
São Paulo
66.7%
Al Ahly v Zamalek
Cairo
62.4%
Peñarol v Nacional
Montevideo
57.6%
Pirates v Chiefs
Johannesburg
57.6%
Raja v Wydad
Casablanca
37.6%
Mladost v Budućnost
Podgorica
31%
Quiz Playlist
Details
Report
Send in Message
Add To Playlist
Classic:
Type in answers that appear in a list
Last Updated: Feb 16, 2017
Quiz Scoreboard
CHALLENGE
Sign Up to Join the Scoreboard
Show All
Scores
Hide
Comments
May contain spoilers
Recently Published
Decade Duel: World Leaders
by jenniferyan
History
4m
Alphabetical 'K' Countries by Flag Minefield
by ylime102
Geography
3m
Pick 6: Fruits
by JohnFran
Miscellaneous
15s
More to Explore
Quiz From the Vault
Featured Blog Post
15 Basketball Trivia Facts You Can Be March Mad About
hide this ad
You Might Also Like...
Tags
Football Quiz
Football Clubs
Football Derbys
Football Rivalries
Football Rivals
Football Team
League Football
Today's Top Quizzes in Sports
Browse Sports
hide this ad
Today's Top Quizzes in Football
Browse Football
Top Contributed Quizzes in Sports
1
Les joueurs à 100 buts en Ligue 1 Uber Eats
2
Pick 6: NFL Teams
3
2022 World Cup Stars
4
MLB 2 truths and a lie: Hall of Fame pitchers
5
Pick 6: Minor League Baseball
6
Millionaire: NBA Finals Edition
7
Click the 1998 NBA Draft
8
Criteria MLB: Left Handed Sluggers
9
Pick 6: Olympics
10
Pick 6: NFL WRs
Explore More
Trending Topics
Marvel
Crossword
NBA
Anime
Kpop
Harry Potter
Disney
WWE
Country
NFL
Puzzle
Pokémon
Soccer
The Office
Song
hide this ad
More By:
STFC1886
Quiz
Plays
Rating
Category
Featured
Created
English Championship clubs
1,570
5.00
Sports
Nov 9, 2017
English Football 92 Nicknames
1,171
5.00
Sports
Feb 8, 2017
PDC darts players by nickname
714
Sports
Feb 2, 2017
82 largest English football grounds by capacity
694
3.50
Sports
Mar 2, 2017
92 Stadiums of PL and EFL
647
5.00
Sports
Feb 2, 2017
Go to Creator's Profile
Score Distribution
Quiz Creator Spotlight
STFC1886
Follow
Send a Message
Quizzes Created
-
Created Quiz Play Count
-
More By This Creator
Popular Quizzes Today
1
Countries of Asia Without Outlines Minefield
2
Find the US States - No Outlines Minefield
3
Pick 6: Fruits
4
Alphabetical 'K' Countries by Flag Minefield
5
The Countries of the World
6
Find the Countries of Europe - No Outlines Minefield
7
US States
8
Find the US States
More Sports Quizzes
Premier League XIs (2009-10)
Quiz Lab
Trending Quizzes
Pick 6: Mountains
Pick 6: Harry Potter
Pick 6: Flags
Pick 6: NFL Teams
Pick 6: Movie Franchises
Recently Updated
Adaptations: Name the Title
pecheneg
NWSL Teams
pecheneg
Women's Final Four Teams by Year
bhenderson79
Presidents Quartet II
eogle
Anything But Clue(do)
eogle
Anything But Oceanian Capitals
eogle
Anything But 7
eogle
Anything But Thing
eogle
Word Ladder: February 29
pecheneg
Song Title Questions
pecheneg
Trending Topics
Disney
Anime
Kpop
Marvel
NBA
Harry Potter
Crossword
WWE
Soccer
NFL
Puzzle
Country
The Office
Pokémon
Song
Your Account Isn't Verified!
In order to create a playlist on Sporcle, you need to verify the email address you used during registration. Go to your
Sporcle Settings
to finish the process.
Report this User
Report this user for behavior that violates our
Community Guidelines
.
Details:
Send Report
Go to the Sporcle.com Mobile Site →
Comments